إدارة الإنتاج و العمليات : مدخل نظمي / (رقم التسجيلة. 125469)
[ عرض عادي ]
| 000 -LEADER | |
|---|---|
| fixed length control field | 00701nam a22002057a 4500 |
| 005 - DATE AND TIME OF LATEST TRANSACTION | |
| control field | 20251108175054.0 |
| 008 - FIXED-LENGTH DATA ELEMENTS--GENERAL INFORMATION | |
| fixed length control field | 250721s2010 xx 000 0 ara d |
| 082 14 - DEWEY DECIMAL CLASSIFICATION NUMBER | |
| Classification number | 658.5/فيا |
| 100 1# - MAIN ENTRY--PERSONAL NAME | |
| Personal name | الفياض، محمود أحمد |
| 245 10 - TITLE STATEMENT | |
| Title | إدارة الإنتاج و العمليات : مدخل نظمي / |
| 246 11 - VARYING FORM OF TITLE | |
| Title proper/short title | PRODUCTION AND OPERATIONS MANAGEMENT SYSTEMS APPROACH |
| 264 1# - PRODUCTION, PUBLICATION, DISTRIBUTION, MANUFACTURE, AND COPYRIGHT NOTICE | |
| Place of production, publication, distribution, manufacture | عمان : |
| Name of producer, publisher, distributor, manufacturer | دار صفاء للنشر والتوزيع، |
| Date of production, publication, distribution, manufacture, or copyright notice | 2010. |
| 300 ## - PHYSICAL DESCRIPTION | |
| Extent | 424 ص. |
| 650 17 - SUBJECT ADDED ENTRY--TOPICAL TERM | |
| Topical term or geographic name as entry element | إدارة الإنتاج |
| 650 17 - SUBJECT ADDED ENTRY--TOPICAL TERM | |
| Topical term or geographic name as entry element | تقنيات الإنتاج |
| 650 17 - SUBJECT ADDED ENTRY--TOPICAL TERM | |
| Topical term or geographic name as entry element | تخطيط الإنتاج |
| 700 1# - ADDED ENTRY--PERSONAL NAME | |
| Personal name | قدادة، عيسى يوسف |
| 942 ## - ADDED ENTRY ELEMENTS (KOHA) | |
| Source of classification or shelving scheme | Dewey Decimal Classification |
| Koha item type | كتب |
| حالة السحب | حالة الفقدان | مصدر التصنيف | حالة التلف | غير قابل للإعارة | المكتبة الرئيسية | المكتبة الحالية | موقع الرف | تاريخ التزويد | الرقم المتسلسل | Total Checkouts | رقم الإستدعاء | الباركود | تاريخ آخر ظهور | تاريخ الفاتورة | نوع المادة (كوها) |
|---|---|---|---|---|---|---|---|---|---|---|---|---|---|---|---|
| Dewey Decimal Classification | مكتبة أبو علندا العامة | مكتبة أبو علندا العامة | الإعارة | 14/06/2012 | 1527420 | 658.5/فيا | PLD00252485 | 28/07/2025 | 14/06/2012 | كتب | |||||
| Dewey Decimal Classification | مكتبة أم قصير والمقابلين العامة | مكتبة أم قصير والمقابلين العامة | الإعارة | 14/06/2012 | 1527421 | 658.5/فيا | PLD00252486 | 28/07/2025 | 14/06/2012 | كتب |